Garmuriya sangrami satradhikar Pitambardev Goswamir jivon aru darshan (Record no. 9856)
[ view plain ]
| 000 -LEADER | |
|---|---|
| fixed length control field | 00564cam a2200205ua 4500 |
| 001 - CONTROL NUMBER | |
| control field | 10910 |
| 005 - DATE AND TIME OF LATEST TRANSACTION | |
| control field | 20260515114657.0 |
| 008 - FIXED-LENGTH DATA ELEMENTS--GENERAL INFORMATION | |
| fixed length control field | 190624n ii |||gr||||Z||||||asm |
| 040 ## - CATALOGING SOURCE | |
| Transcribing agency | MAIN |
| 041 ## - LANGUAGE CODE | |
| Language code of text/sound track or separate title | asm |
| 082 ## - DEWEY DECIMAL CLASSIFICATION NUMBER | |
| Classification number | 920 |
| 100 ## - MAIN ENTRY--PERSONAL NAME | |
| Personal name | Ismail Hossain, |
| Relator term | Author. |
| 245 ## - TITLE STATEMENT | |
| Title | Garmuriya sangrami satradhikar Pitambardev Goswamir jivon aru darshan |
| Statement of responsibility, etc. | By Ismail Hossain |
| 250 ## - EDITION STATEMENT | |
| Edition statement | 2nd ed. |
| 260 ## - PUBLICATION, DISTRIBUTION, ETC. | |
| Place of publication, distribution, etc. | Guwahati: |
| Name of publisher, distributor, etc. | Banalata, |
| Date of publication, distribution, etc. | 2010. |
| 300 ## - PHYSICAL DESCRIPTION | |
| Extent | 151p. |
| 653 ## - INDEX TERM--UNCONTROLLED | |
| Uncontrolled term | Biography, genealogy & insignia |
| 653 ## - INDEX TERM--UNCONTROLLED | |
| Uncontrolled term | Biography of Pitambardev Goswami |
| 942 ## - ADDED ENTRY ELEMENTS (KOHA) | |
| Koha item type | Books |
| Withdrawn status | Lost status | Damaged status | Not for loan | Home library | Current library | Shelving location | Date acquired | Total checkouts | Full call number | Barcode | Date last seen | Copy number | Price effective from | Koha item type |
|---|---|---|---|---|---|---|---|---|---|---|---|---|---|---|
| Naharkatiya College Library | Naharkatiya College Library | General stacks | 09/19/2020 | 920Assamese biography | HOS | 24356 | 09/19/2020 | 1 | 09/19/2020 | Books | |||||
| Naharkatiya College Library | Naharkatiya College Library | General stacks | 09/19/2020 | 920Assamese biography | HOS | 24357 | 09/19/2020 | 2 | 09/19/2020 | Books |